Płońsk - Quiz Wielokrotnego Wyboru - Statystyki

Ogólne statystyki
  • Ten quiz został rozwiązany 13 razy
  • Średni wynik to 8 z 15
Statystyki odpowiedzi
Zagadnienie Odpowiedź % Poprawnych
Czy w Płońsku znajduje się Szkoła wyższa? TAK
88%
Miejscowości otaczające Płońsk to? Llino, Szerominek, Szeromin, Poświętne, Siedlin, Bońki, Brody
75%
Który z tych zakładów znajduje się w Płońsku? Mondelez
75%
Które z podanych herbów jest Herbem Płońska
63%
Płońsk uzyskał prawa miejskie w...? 1400
63%
Najwyższym szczeblem rozgrywkowym osiągniętym przez klub z Płońska była? 3 Liga - KS Tęcza 34 Płońsk
63%
Przez Płońsk przepływa rzeka? Płonka
63%
Burmistrzem Płońska jest? Andrzej Pietrasik
50%
Z podanych niżej osób pochodził z Płońska? David Ben-Gurion - Pierwszy Premier Izraela
50%
Podczas 2 Wojny Światowej Płońsk nazywał się Plöhnen
50%
Stacja kolejowa w Płońsku jest bliźniaczo podobna do stacji w...? Sierpcu
50%
Które z podanych obiektów NIE znajduje się w Płońsku
38%
Ile linii autobusowych funkcjonuje w Płońsku? 2
38%
Gród Płońsk powstał z inicjatywy ... w roku...? Bolesława Chrobrego - 997 roku
38%
Przez Płońsk przechodzą drogi... DK50, DK10, DW632 oraz S7
25%
Nie znaleziono quizów pasujących do podanych kryteriów
Rozkład punktacji
Procent ludzi z każdym wynikiem
Percentyl według liczby udzielonych odpowiedzi
Twoja historia wyników
Nie rozwiązałeś tego quizu